000 00788nam a22001937a 4500
999 _c165546
_d165546
005 20190621151841.0
010 _aUR-10230
020 _c176.00
_a9789386486387
035 _aU-8785
037 _bDBAD/PUB
082 _a305.4
100 _aآ منہ تبسم
245 _aخا ند ا نی عد م تو ا ز ن :ا سبا ب و عو ا مل ا و ر خو ا تين پر ا نکے ا ثر ا ت
_cآ منہ تبسم
246 _bKhandani Adam Tawazun Asbab wa Awamil Aur Khawateen PerUnke Asraat (Urdu)
_aby Amena Tabassum
260 _a Delhi
_bEducational Publishing House
_c2016 ء
270 _a3191،Vakil Street,Kucha Pandit,Lal Kuan,
_bDelhi
_e110006
_k23216162
_l00911123211540
300 _a159ص
_c22 Cm(Hb)
942 _2ddc
_cUR
_h305.4
_mآ م ن